Biblioteca da Unidade Pastoral de Sintra

Ide, anunciai o evangelho, curai os doentes, expulsai os demónios (Registo nº 2271)

000 -Record Label
fixed length control field 00866nam a2200277 4500
010 ## - International Standard Book Number (ISBN)
Number (ISBN) 9789729887550
021 ## - Legal Deposit Number
Country Code PT
Number 299899/09
035 ## - Other System Control Numbers
System Control Number (bn)1798469
100 ## - General Processing Data
General Processing Data 20111223d2009 m a0pory5003 ba
105 ## - Coded Data Field: Textual Material, Monographic
Monograph Coded Data y z 000zy
106 ## - Coded Data Field: Textual Material - Physical Attributes
Textual Material Coded Data Physical Medium Designator r
200 1# - Title and Statement of Responsibility
Title Proper Ide, anunciai o evangelho, curai os doentes, expulsai os demónios
First Statement of Responsibility Alfredo Neres
Subsequent Statement of Responsibility pref. Mário Pinto
-- apres. da ed. em francês Shimba Gilbert
210 ## - Publication, Distribution, etc.
Place of Publication, Distribution, etc. Lisboa
Name of Publisher, Distributor, etc. Pneuma,
Date of Publication, Distribution, etc. 2009
215 ## - Physical Description
Specific Material Designation and Extent of Item 182 p.
Dimensions 21 cm
600 ## - Personal Name Used as Subject
Entry Element Alfredo Neres
601 ## - Corporate Body Name Used as Subject
Entry Element Pneuma,
675 ## - Universal Decimal Classification (UDC)
Number 133.2
Edition BN
Language of Edition por
675 ## - Universal Decimal Classification (UDC)
Number 27-145.55
Edition BN
Language of Edition por
700 #1 - Personal Name - Primary Responsibility
Entry Element Neres,
Part of Name Other than Entry Element Alfredo,
Dates 1939-
702 #1 - Personal Name - Secondary Responsibility
Entry Element Pinto,
Part of Name Other than Entry Element Mário,
Dates 1951-
Relator Code 080
702 #1 - Personal Name - Secondary Responsibility
Entry Element Gilbert,
Part of Name Other than Entry Element Shimba
Relator Code 450
801 #0 - Originating Source
Country PT
Agency BN
Cataloguing Rules (Descriptive Conventions) RPC
856 41 - Electronic Location and Access
Uniform Resource Identifier http://rnod.bn.pt/ImagesBN/winlibimg.aspx?skey=&doc=1798469&img=16588&save=true
090 ## - System Control Numbers (Koha)
Koha biblioitem number (autogenerated) 2271
942 ## - ADDED ENTRY ELEMENTS (KOHA)
Koha item type Books
Exemplares
Origin of item (home branch) (free text) Type of item and material Lost status Lending or holding organisation (holding branch) code Call number (full call number) Withdrawn status Origin of item (home branch (coded) Barcode Coded location qualifier Circulation type (not for loan)
UPSBooks Biblioteca da Unidade Pastoral de Sintra266 NER 1937 Biblioteca da Unidade Pastoral de Sintra19372018-03-11 

Powered by Koha